000 00864nam a2200265Ia 4500
003 OSt
005 20220918172010.0
006 a|||||r|||| 00| 0
007 ta
008 220917b |||||||| |||| 00| 0 eng d
020 _a9789004163393
_c6312.23
024 _a238,347
037 _b153, 11/09/2008, Bharatiya Sahitya Bhavana
_cTextual
040 _aARTS
_cARTS
_beng
041 _2eng
_aeng
082 _aNA44(Q7), P8
100 _aBurton-Page John
_939741
245 0 _aIndian islamic architecture
_b Forms and typologies, sties and monuments
260 _aLeiden
_bBrill The Netherlands
_c2008
300 _axxiv,194p.
_ccm.
650 _aARTS
700 _a Michel George Ed.
_939742
942 _hNA44(Q7), P8
_cTEXL
_2CC
999 _c142194
_d142194